| 000 | 00663cam6a220021700 4500 | ||
|---|---|---|---|
| 001 | tmp15477731 | ||
| 003 | UPRA | ||
| 005 | 20190830111222.0 | ||
| 008 | 950824s1967 enk eng u | ||
| 035 | _a(Sirsi) r113436 | ||
| 035 | _a(UPRA)tmp15477731 | ||
| 040 | _cUPRA | ||
| 100 | 1 |
_cSir, d8.1..26.5 _6A5037.1 |
|
| 245 | 1 | 4 | _aThe challenge to education. |
| 260 |
_a[Harmondsworth, Middlesex] : _bPenguin, _c[1967] |
||
| 504 | _aIncludes bibliographies. | ||
| 650 | 0 |
_aEducation -- Aims and objectives. _xEducation -- Aims and objectives. _6S3594.1 |
|
| 650 | 0 |
_aEducation. _6S3595.1 |
|
| 949 |
_aLA132 _wlcc _i-162666 _mMAIN _tBOOK _lON-SHELF |
||
| 004 | 113436 | ||
| 999 |
_c189143 _d189143 |
||